000 00494nam a2200205Ia 4500
008 210210b2011 xxu||||| |||| 00| 0 eng d
020 _a978139830017
041 _aeng
082 _a658.4083 MALG
100 _aMALTZMAN (Richard)
245 _aGreen project management
260 _aLondon
_bCRC Press
_c2011
300 _axxiv,272
650 _aproject
650 _amanagement
650 _aGreen
690 _aExecutive Management
700 _aSHIRLEY (David)
906 _a068932
999 _c153032
_d153032